Papel moneda en tiempo de guerra (Record no. 722)

MARC details
000 -LEADER
campo de control de longitud fija 00623nam a22001697a 4500
008 - DATOS DE LONGITUD FIJA--INFORMACIÓN GENERAL
campo de control de longitud fija 150824b xxu||||| |||| 00| 0 eng d
020 ## - NÚMERO INTERNACIONAL ESTÁNDAR DEL LIBRO
Número Internacional Estándar del Libro 9789968530224
082 ## - NÚMERO DE LA CLASIFICACIÓN DECIMAL DEWEY
Número de clasificación 769.559.728.6
Número de ítem C251p
100 ## - ENTRADA PRINCIPAL--NOMBRE DE PERSONA
Nombre de persona Capra Ramos, Eric Manuel
9 (RLIN) 3384
245 ## - MENCIÓN DEL TÍTULO
Título Papel moneda en tiempo de guerra
Resto del título 1856-1857
Mención de responsabilidad, etc. Eric Ml. Capra Ramos
260 ## - PUBLICACIÓN, DISTRIBUCIÓN, ETC.
Lugar de publicación, distribución, etc. San José, Costa Rica:
Nombre del editor, distribuidor, etc. Museos Banco Central
Fecha de publicación, distribución, etc. 2014
300 ## - DESCRIPCIÓN FÍSICA
Extensión 56 p.
Otras características físicas ill. (col.) ;
Dimensiones 22 cm.
650 ## - PUNTO DE ACCESO ADICIONAL DE MATERIA--TÉRMINO DE MATERIA
Término de materia o nombre geográfico como elemento de entrada Numismática costarricense
9 (RLIN) 3385
650 ## - PUNTO DE ACCESO ADICIONAL DE MATERIA--TÉRMINO DE MATERIA
Término de materia o nombre geográfico como elemento de entrada Moneda
Subdivisión de forma Historia
Subdivisión geográfica Costa Rica
9 (RLIN) 3386
650 ## - PUNTO DE ACCESO ADICIONAL DE MATERIA--TÉRMINO DE MATERIA
Término de materia o nombre geográfico como elemento de entrada Billetes de Banco
Subdivisión geográfica Costa Rica
9 (RLIN) 3387
650 ## - PUNTO DE ACCESO ADICIONAL DE MATERIA--TÉRMINO DE MATERIA
Término de materia o nombre geográfico como elemento de entrada Papel Moneda
Subdivisión de forma Historia
Subdivisión geográfica Costa Rica
9 (RLIN) 3388
Holdings
Estatus retirado Estado de pérdida Fuente del sistema de clasificación o colocación Estado de daño No para préstamo Biblioteca de origen Biblioteca actual Ubicación en estantería Fecha de adquisición Total de préstamos Signatura topográfica completa Código de barras Visto por última vez Precio de reemplazo Tipo de ítem Koha
    Clasificación Decimal Dewey     Biblioteca LadoV Biblioteca LadoV   24/08/2015   769.559.728.6 C251p 004094 24/08/2015 24/08/2015 Material 01